|
|
|
|
| LEADER |
00000nam0a2200000 4500 |
| 001 |
104063 |
| 005 |
20231031113841.0 |
| 010 |
|
|
|a 569914630X
|
| 035 |
|
|
|a (RuTPU)RU\TPU\book\112174
|
| 090 |
|
|
|a 104063
|
| 100 |
|
|
|a 20061025d2006 m y0rusy50 ca
|
| 101 |
1 |
|
|a rus
|c eng
|
| 102 |
|
|
|a RU
|
| 105 |
|
|
|a y z 000ay
|
| 200 |
1 |
|
|a Кости волхвов
|e пер. с англ.
|e роман
|f Дж. Роллинс
|
| 210 |
|
|
|a Москва
|c Эксмо
|d 2006
|
| 215 |
|
|
|a 560 с.
|
| 225 |
1 |
|
|a Книга-загадка, книга-бестселлер
|
| 330 |
|
|
|a В Кельнском соборе во время праздничной службы происходит массовое убийство: все прихожане погибают мучительной смертью. Преступники, облаченные в монашеские рясы, похищают бесценную реликвию, хранившуюся в соборе с XII века, — кости библейских волхвов. Из Вашингтона для расследования преступления послана группа спецагентов секретной организации «Сигма» во главе с Греем Пирсом. Совместно с учеными Ватикана группе удается установить, что в убийстве и похищении замешан Имперский орден дракона — тайное братство алхимиков, корни которого уходят в глубь веков.
|
| 610 |
1 |
|
|a американская литература
|
| 610 |
1 |
|
|a романы
|
| 610 |
1 |
|
|a исторические романы
|
| 610 |
1 |
|
|a загадки
|
| 610 |
1 |
|
|a детективы
|
| 675 |
|
|
|a 82
|v 3
|
| 700 |
|
1 |
|a Роллинс
|b Дж.
|g Джеймс
|
| 801 |
|
1 |
|a RU
|b 63413507
|c 20061025
|g PSBO
|
| 801 |
|
2 |
|a RU
|b 63413507
|c 20061115
|g PSBO
|
| 942 |
|
|
|c BK
|